000 00225 a2200097 4500
001 59930
100 _a
245 _aSufism in South Asia
260 _aKarachi
_bOxford University Press
_c2003
090 _c36767
_d36767
942 _aNUST-CAE
_cMONOGRAPH
_c29743
999 _c295003
_d295003